000 00403nam a2200157Ia 4500
003 LK-CoDNM
008 010623t1988 xxu||||| |||| 00| 1 eng d
040 _aLK-CoDNM
_dLK-CoDNM
_eLK-CoDNM
041 _aeng
080 _a(x)35.08SUG
100 _aSugathapala,T.D.
245 _aDisciplinary Proceedings in Public Corporations in Sri Lanka
260 _b
_c1988
300 _b136, 25 cm
942 _cBK
999 _c113861
_d113861